00161nam a2200061Ia 4500008004100000100001600041245004200057120527s9999 xx 000 0 und d aClayton, R. aThe family,marriage and social change